Normal view
MARC view
- Fauq, Muḥammaduddīn,
Entry Personal Name
001 - CONTROL NUMBER
- control field: 5337
003 - CONTROL NUMBER IDENTIFIER
- control field: NUST
005 - DATE AND TIME OF LATEST TRANSACTION
- control field: 20171011121246.0
008 - FIXED-LENGTH DATA ELEMENTS
- fixed length control field: 171011|| aca||aabn | a|a d
040 ## - CATALOGING SOURCE
- Original cataloging agency: NUST
- Transcribing agency: NUST
100 ## - HEADING--PERSONAL NAME
- Personal name: Fauq, Muḥammaduddīn,
- Dates associated with a name: 1887-1945.
670 ## - SOURCE DATA FOUND
- Source citation: Work cat.: (NUST)0: Fauq, Muḥammaduddīn, 1887-1945., Savāniḥayāt-i Ḥaz̤rat Dātā Ganj Bak̲h̲sh /, 1976
